[Event "HUN-chT2 Asztalos 1617"]
[Site "Hungary"]
[Date "2017.03.12"]
[Round "10.8"]
[White "Konya, Attila Sr"]
[Black "Ambrus, Bence"]
[Result "0-1"]
[WhiteElo "1866"]
[BlackElo "1990"]
[PlyCount "110"]
[EventDate "2016.09.25"]
[EventType "team-tourn"]
[EventRounds "11"]
[EventCountry "HUN"]
[SourceTitle "EXT 2021"]
[Source "ChessBase"]
[SourceDate "2020.10.23"]
[SourceVersion "1"]
[SourceVersionDate "2020.10.23"]
[SourceQuality "1"]
[WhiteTeam "Pecs Karmin"]
[BlackTeam "Decs 1990 II"]
[WhiteTeamCountry "HUN"]
[BlackTeamCountry "HUN"]

1. c4 Nf6 2. Nc3 e6 3. e4 c5 4. Nf3 Nc6 5. d4 cxd4 6. Nxd4 Bb4 7. Nxc6 Bxc3+ 8. bxc3 dxc6 9. Qxd8+ Kxd8 10. Bg5 e5 11. 0-0-0+ Kc7 12. f3 Be6 13. Bd3 Rhe8 14. Rd2 Nd7 15. Be3 Nb6 16. c5 Na4 17. c4 b6 18. cxb6+ axb6 19. Rc2 Red8 20. Be2 Nc5 21. Rd1 Rxd1+ 22. Kxd1 Nb7 23. Rb2 c5 24. Bd2 Ra4 25. Kc2 Bxc4 26. Bxc4 Rxc4+ 27. Kb3 b5 28. a3 Kb6 29. Rc2 Rd4 30. Bc3 Rd3 31. Kb2 Nd6 32. Ka2 Nc4 33. Kb3 f6 34. Ra2 Na5+ 35. Kc2 Rd7 36. Be1 Nc4 37. Kc3 Rd1 38. Bf2 Rb1 39. a4 Rc1+ 40. Kd3 b4 41. Rc2 Rxc2 42. Kxc2 Na5 43. h4 Kc6 44. g3 c4 45. Be3 Nb7 46. Bd2 c3 47. Be3 Nc5 48. g4 Ne6 49. Kd3 Nd4 50. f4 Kb6 51. Kc4 Ka5 52. Bxd4 exd4 53. Kb3 d3 54. e5 d2 55. Kc2 b3+ 0-1

[Event "HUN-chT U18"]
[Site "Hajduboszormeny"]
[Date "2016.11.02"]
[Round "1.31"]
[White "Ambrus, Bence"]
[Black "Buzas, Bertalan"]
[Result "0-1"]
[WhiteElo "1909"]
[BlackElo "2127"]
[PlyCount "96"]
[EventDate "2016.11.02"]
[EventType "team-swiss"]
[EventRounds "8"]
[EventCountry "HUN"]
[SourceTitle "CBM 175 Extra"]
[Source "ChessBase"]
[SourceDate "2016.12.12"]
[SourceVersion "1"]
[SourceVersionDate "2016.12.12"]
[SourceQuality "1"]

1. e4 c6 2. Nc3 d5 3. Nf3 dxe4 4. Nxe4 Nf6 5. Ng3 Bg4 6. Be2 Bxf3 7. Bxf3 g6 8. d4 Bg7 9. c3 0-0 10. 0-0 Nbd7 11. Re1 Re8 12. Bf4 Nd5 13. Bxd5 cxd5 14. Qb3 Nb6 15. a4 Qd7 16. Nf1 Nc4 17. Rad1 Rec8 18. Qb4 Bf8 19. Qb3 a6 20. Ra1 b5 21. axb5 Qxb5 22. Qxb5 axb5 23. b3 Na3 24. Rec1 e6 25. Bd2 b4 26. cxb4 Nb5 27. Rxa8 Rxa8 28. Be3 Bg7 29. Rd1 Ra3 30. Rc1 h5 31. Rc8+ Kh7 32. Rb8 Nxd4 33. g3 Nf3+ 34. Kg2 Ne1+ 35. Kh3 d4 36. Bd2 Nf3 37. Rb7 Rxb3 38. Rxf7 Nxd2 39. Nxd2 Rxb4 40. Nf3 Kh6 41. Re7 Rb6 42. Rxg7 Kxg7 43. Nxd4 e5 44. Nf3 Kf6 45. Kg2 Rb2 46. h4 e4 47. Ng5 e3 48. Kf3 e2 0-1

[Event "Gyor op-A 7th"]
[Site "Gyor"]
[Date "2016.07.10"]
[Round "8"]
[White "Kovacs, Milan"]
[Black "Ambrus, Bence"]
[Result "1-0"]
[WhiteElo "1972"]
[BlackElo "1935"]
[PlyCount "73"]
[EventDate "2016.07.06"]
[EventType "swiss"]
[EventRounds "9"]
[EventCountry "HUN"]
[SourceTitle "EXT 2017"]
[Source "ChessBase"]
[SourceDate "2016.10.25"]
[SourceVersion "1"]
[SourceVersionDate "2016.10.25"]
[SourceQuality "1"]

1. e4 c5 2. Nc3 Nc6 3. g3 e6 4. Bg2 g6 5. f4 a6 6. Nf3 Bg7 7. d3 d5 8. e5 Nge7 9. 0-0 Nf5 10. Ne2 b5 11. c3 Qb6 12. Kh1 h5 13. Bd2 Bb7 14. Qc2 c4 15. Rad1 Nce7 16. Ned4 h4 17. gxh4 Nxh4 18. Nxh4 Rxh4 19. Be1 Rh5 20. Bf3 Rh7 21. Qg2 0-0-0 22. Bf2 Qc7 23. a4 bxa4 24. dxc4 Qxc4 25. Be2 Qa2 26. Ra1 Qxb2 27. Rfb1 Qd2 28. Bg3 Rdh8 29. Rxb7 Qxc3 30. Rab1 Qxd4 31. Bxa6 Kd8 32. Rb8+ Kc7 33. R1b7+ Kc6 34. Bb5+ Kc5 35. Qc2+ Kb4 36. Be8+ Ka5 37. Qxa4+ 1-0

[Event "Gyor op-A 7th"]
[Site "Gyor"]
[Date "2016.07.07"]
[Round "3"]
[White "Ambrus, Bence"]
[Black "Kiraly, Barnabas"]
[Result "1-0"]
[WhiteElo "1935"]
[BlackElo "1640"]
[PlyCount "33"]
[EventDate "2016.07.06"]
[EventType "swiss"]
[EventRounds "9"]
[EventCountry "HUN"]
[SourceTitle "EXT 2017"]
[Source "ChessBase"]
[SourceDate "2016.10.25"]
[SourceVersion "1"]
[SourceVersionDate "2016.10.25"]
[SourceQuality "1"]

1. e4 e5 2. Nf3 Nc6 3. d4 exd4 4. Nxd4 Bc5 5. Be3 Qf6 6. c3 Nge7 7. Qd2 Bxd4 8. cxd4 d5 9. Nc3 dxe4 10. Nb5 0-0 11. d5 Ne5 12. Nxc7 Bf5 13. Nxa8 Rxa8 14. Be2 Nd3+ 15. Bxd3 exd3 16. Qb4 Be4 17. Qxe4 1-0

[Event "HUN-ch U16"]
[Site "Balatonlelle"]
[Date "2016.06.29"]
[Round "8"]
[White "Ambrus, Bence"]
[Black "Szabo, Marton Mihaly"]
[Result "0-1"]
[WhiteElo "1927"]
[BlackElo "2094"]
[PlyCount "120"]
[EventDate "2016.06.24"]
[EventType "swiss"]
[EventRounds "9"]
[EventCountry "HUN"]
[SourceTitle "CBM 173 Extra"]
[Source "ChessBase"]
[SourceDate "2016.08.29"]
[SourceVersion "1"]
[SourceVersionDate "2016.08.29"]
[SourceQuality "1"]

1. e4 c5 2. Nf3 e6 3. c4 Nc6 4. Nc3 e5 5. Be2 g6 6. 0-0 Bg7 7. d3 Nge7 8. Ne1 0-0 9. f4 d6 10. Be3 Nd4 11. Rb1 Bd7 12. Qd2 a5 13. fxe5 dxe5 14. Bg5 f6 15. Bh6 Qc7 16. Bxg7 Kxg7 17. Nc2 Qd6 18. Ne3 Be6 19. Rf2 Qd7 20. Bd1 a4 21. b4 axb3 22. axb3 Qd6 23. b4 cxb4 24. Ncd5 Bxd5 25. cxd5 b3 26. Nc4 Qc5 27. Rb2 Ra1 28. Ne3 f5 29. h3 f4 30. Ng4 Qd6 31. Rf1 h5 32. Nh2 Qc5 33. Kh1 Rfa8 34. Bxb3 Rxf1+ 35. Nxf1 Ra1 36. Bd1 b5 37. Ra2 Rc1 38. Ra8 Rb1 39. g4 Qc1 40. Qxc1 Rxc1 41. Ra7 Rxd1 42. Rxe7+ Kf8 43. Rxe5 Rxf1+ 44. Kg2 Rd1 45. gxh5 gxh5 46. d6 Rd2+ 47. Kf1 Rxd3 48. d7 Nc6 49. Rxb5 Rxd7 50. Rxh5 Nd4 51. Rh4 Rf7 52. Kf2 Ke7 53. Rh5 Ke6 54. h4 Nc6 55. Rg5 Ne5 56. h5 f3 57. h6 Nd3+ 58. Kf1 Ra7 59. Kg1 Ra1+ 60. Kh2 f2 0-1

[Event "HUN-ch U16"]
[Site "Balatonlelle"]
[Date "2016.06.28"]
[Round "6"]
[White "Ambrus, Bence"]
[Black "Szabo, Miklos"]
[Result "1/2-1/2"]
[WhiteElo "1927"]
[BlackElo "1591"]
[PlyCount "45"]
[EventDate "2016.06.24"]
[EventType "swiss"]
[EventRounds "9"]
[EventCountry "HUN"]
[SourceTitle "CBM 173 Extra"]
[Source "ChessBase"]
[SourceDate "2016.08.29"]
[SourceVersion "1"]
[SourceVersionDate "2016.08.29"]
[SourceQuality "1"]

1. e4 e5 2. Bc4 Nc6 3. Nf3 Bc5 4. 0-0 Nf6 5. d3 h6 6. c3 d6 7. a3 Bg4 8. Qe2 0-0 9. Be3 Bb6 10. Nbd2 Kh8 11. h3 Bh5 12. Bxb6 axb6 13. Qe3 Re8 14. Nh4 d5 15. exd5 Nxd5 16. Bxd5 Qxd5 17. g4 Bg6 18. Nxg6+ fxg6 19. Ne4 Re7 20. Rad1 Rf8 21. Kg2 Rf4 22. f3 Ref7 23. Rd2 1/2-1/2

[Event "HUN-ch U16"]
[Site "Balatonlelle"]
[Date "2016.06.26"]
[Round "4"]
[White "Rona, Andras"]
[Black "Ambrus, Bence"]
[Result "0-1"]
[WhiteElo "1502"]
[BlackElo "1927"]
[PlyCount "72"]
[EventDate "2016.06.24"]
[EventType "swiss"]
[EventRounds "9"]
[EventCountry "HUN"]
[SourceTitle "CBM 173 Extra"]
[Source "ChessBase"]
[SourceDate "2016.08.29"]
[SourceVersion "1"]
[SourceVersionDate "2016.08.29"]
[SourceQuality "1"]

1. e4 c5 2. Nc3 Nc6 3. g3 e6 4. Bg2 g6 5. d3 a6 6. Be3 Nd4 7. Nge2 Bg7 8. 0-0 Ne7 9. Rb1 0-0 10. a3 Qa5 11. Qc1 Nec6 12. f4 d6 13. Rf2 Rb8 14. Kh1 Bd7 15. Kg1 b5 16. b4 cxb4 17. axb4 Qc7 18. Nd1 Nxe2+ 19. Rxe2 Ne7 20. c4 bxc4 21. dxc4 Rfc8 22. c5 dxc5 23. bxc5 Qa5 24. Rxb8 Rxb8 25. Qd2 Qb5 26. Bf3 Bc6 27. Nc3 Bxc3 28. Qxc3 Bxe4 29. Bd4 Bxf3 30. Qxf3 Nf5 31. Bf2 a5 32. g4 Ne7 33. Rd2 Nd5 34. Bd4 Qb1+ 35. Kg2 Rb3 36. Qf2 Qe4+ 0-1

[Event "HUN-ch U14"]
[Site "Balatonlelle"]
[Date "2015.06.23"]
[Round "8"]
[White "Ambrus, Bence"]
[Black "Szabo, Balint"]
[Result "1-0"]
[WhiteElo "1798"]
[BlackElo "1620"]
[PlyCount "55"]
[EventDate "2015.06.18"]
[EventType "swiss"]
[EventRounds "9"]
[EventCountry "HUN"]
[SourceTitle "CBM 167 Extra"]
[Source "ChessBase"]
[SourceDate "2015.09.14"]
[SourceVersion "1"]
[SourceVersionDate "2015.09.14"]
[SourceQuality "1"]

1. e4 e5 2. Nf3 Nc6 3. d4 exd4 4. Nxd4 Nf6 5. Nxc6 bxc6 6. Bd3 Be7 7. 0-0 0-0 8. Nc3 d6 9. h3 Bb7 10. Qe2 Rb8 11. e5 dxe5 12. Qxe5 Bd6 13. Qf5 Bc8 14. Qf3 Bb7 15. Bg5 Be7 16. Rad1 Qc8 17. Rfe1 c5 18. Qf4 Nh5 19. Qh4 Bxg5 20. Qxg5 Nf6 21. Bf5 h6 22. Qf4 Nh5 23. Qg4 Nf6 24. Bxc8 Nxg4 25. Bxg4 Bc6 26. b3 Rbd8 27. Rxd8 Rxd8 28. Re7 1-0

[Event "HUN-ch U14"]
[Site "Balatonlelle"]
[Date "2015.06.20"]
[Round "3"]
[White "Birovecz, Ben Jordan"]
[Black "Ambrus, Bence"]
[Result "0-1"]
[WhiteElo "1470"]
[BlackElo "1798"]
[PlyCount "108"]
[EventDate "2015.06.18"]
[EventType "swiss"]
[EventRounds "9"]
[EventCountry "HUN"]
[SourceTitle "CBM 167 Extra"]
[Source "ChessBase"]
[SourceDate "2015.09.14"]
[SourceVersion "1"]
[SourceVersionDate "2015.09.14"]
[SourceQuality "1"]

1. e4 e5 2. Nf3 Nc6 3. Bc4 Be7 4. d3 Nf6 5. 0-0 0-0 6. c3 d5 7. exd5 Nxd5 8. Re1 Qd6 9. Nbd2 Bf5 10. Bb5 f6 11. Bc4 Kh8 12. Nh4 Be6 13. Ne4 Qd7 14. Nf3 Na5 15. Nfd2 Rad8 16. b4 Nxc4 17. Nxc4 Nb6 18. Nxb6 axb6 19. Re3 Bc4 20. d4 exd4 21. cxd4 Qxd4 22. Qxd4 Rxd4 23. Bb2 Rd7 24. Bc3 Rfd8 25. Nd2 Bf7 26. Rae1 Bf8 27. Nf3 Bxa2 28. h3 Bf7 29. Kh2 Rd1 30. Rxd1 Rxd1 31. Nd4 Bxb4 32. Nb5 Bc5 33. Re4 Rd3 34. Be1 Rb3 35. Nxc7 Bd6+ 36. g3 Bxc7 37. Re7 Bxg3+ 38. fxg3 Kg8 39. Rxb7 Bd5 40. Rb8+ Kf7 41. h4 Rb1 42. Rd8 Be4 43. Rd7+ Kg6 44. h5+ Kxh5 45. g4+ Kxg4 46. Rxg7+ Kh5 47. Bf2 Kh6 48. Re7 f5 49. Re6+ Kg5 50. Bxb6 Kg4 51. Bg1 Rb2+ 52. Bf2 Rxf2+ 53. Kg1 Rc2 54. Rd6 h5 0-1

[Event "Budapest Art Pub Cup 7th"]
[Site "Budapest"]
[Date "2015.03.15"]
[Round "5"]
[White "Ambrus, Bence"]
[Black "Karacsonyi, Gellert"]
[Result "0-1"]
[WhiteElo "1775"]
[BlackElo "1917"]
[PlyCount "64"]
[EventDate "2015.03.13"]
[EventType "swiss"]
[EventRounds "6"]
[EventCountry "HUN"]
[SourceTitle "CBM 165 Extra"]
[Source "ChessBase"]
[SourceDate "2015.04.21"]
[SourceVersion "1"]
[SourceVersionDate "2015.04.21"]
[SourceQuality "1"]

1. e4 e6 2. d4 d5 3. Nc3 Bb4 4. e5 c5 5. Bd2 Ne7 6. Nce2 Bxd2+ 7. Qxd2 Nbc6 8. c3 cxd4 9. cxd4 Qb6 10. Nf3 Bd7 11. Nc3 a6 12. Be2 Nf5 13. Rd1 Rc8 14. 0-0 Qa7 15. Na4 Nxe5 16. Nc5 Nxf3+ 17. Bxf3 Bb5 18. Rfe1 0-0 19. a4 Bc6 20. Bg4 b6 21. Bxf5 bxc5 22. Bc2 cxd4 23. Re5 Qe7 24. Rh5 f5 25. Qxd4 Qf6 26. Qb6 Be8 27. Rh3 Rxc2 28. Qxa6 Rxb2 29. Re3 Bf7 30. Qd6 Qd4 31. Rde1 Qxa4 32. Ra3 Qb4 0-1

[Event "Budapest Art Pub Cup 7th"]
[Site "Budapest"]
[Date "2015.03.14"]
[Round "3"]
[White "Ambrus, Bence"]
[Black "Kosztolanczi, Gyula"]
[Result "0-1"]
[WhiteElo "1775"]
[BlackElo "2165"]
[PlyCount "102"]
[EventDate "2015.03.13"]
[EventType "swiss"]
[EventRounds "6"]
[EventCountry "HUN"]
[SourceTitle "CBM 165 Extra"]
[Source "ChessBase"]
[SourceDate "2015.04.21"]
[SourceVersion "1"]
[SourceVersionDate "2015.04.21"]
[SourceQuality "1"]

1. e4 c5 2. Nf3 Nc6 3. Bb5 g6 4. 0-0 Bg7 5. Qe2 Nf6 6. Rd1 0-0 7. c3 d6 8. d4 cxd4 9. cxd4 Bg4 10. Nc3 a6 11. Bxc6 bxc6 12. h3 Bxf3 13. Qxf3 Qb6 14. e5 Nd7 15. exd6 exd6 16. Bf4 d5 17. Qd3 Rfe8 18. Rab1 Re6 19. b3 Rae8 20. Rbc1 Qb4 21. Be3 f5 22. Qxa6 f4 23. Bxf4 Bxd4 24. Qd3 Bxc3 25. Qxc3 Qxf4 26. Re1 Rxe1+ 27. Rxe1 Rxe1+ 28. Qxe1 Ne5 29. Qc3 d4 30. Qb4 Qxf2+ 31. Kxf2 Nd3+ 32. Ke2 Nxb4 33. a3 Nd5 34. g3 c5 35. Kd3 Kf7 36. b4 cxb4 37. axb4 Nxb4+ 38. Kxd4 Kf6 39. Ke4 Nc6 40. h4 Ne5 41. Kf4 h5 42. Ke4 Nf7 43. Kf4 Nh6 44. Ke4 g5 45. hxg5+ Kxg5 46. Kf3 Nf5 47. Kf2 Kg4 48. Kg2 Nxg3 49. Kh2 h4 50. Kg2 h3+ 51. Kh2 Ne4 0-1

[Event "Budapest Art Pub Cup 7th"]
[Site "Budapest"]
[Date "2015.03.14"]
[Round "4"]
[White "Szucs, Edina"]
[Black "Ambrus, Bence"]
[Result "0-1"]
[WhiteElo "1667"]
[BlackElo "1775"]
[PlyCount "80"]
[EventDate "2015.03.13"]
[EventType "swiss"]
[EventRounds "6"]
[EventCountry "HUN"]
[SourceTitle "CBM 165 Extra"]
[Source "ChessBase"]
[SourceDate "2015.04.21"]
[SourceVersion "1"]
[SourceVersionDate "2015.04.21"]
[SourceQuality "1"]

1. e4 e5 2. Nf3 Nc6 3. Bb5 a6 4. Ba4 Nf6 5. 0-0 b5 6. Bb3 Be7 7. Re1 0-0 8. c3 d6 9. h3 Na5 10. Bc2 c5 11. d3 Nc6 12. Nbd2 Qc7 13. Nf1 Re8 14. Ng3 Nd8 15. Nh2 Ne6 16. Nf5 Bf8 17. Qf3 g6 18. Nxd6 Qxd6 19. Qxf6 Bg7 20. Qh4 Nf4 21. Qg3 Nh5 22. Qf3 Bb7 23. Ng4 Nf4 24. Be3 Nxd3 25. Bxd3 Qxd3 26. Bxc5 Qc4 27. Ba3 a5 28. Qe2 Qc6 29. f3 b4 30. cxb4 axb4 31. Bxb4 Qb6+ 32. Qf2 Qxb4 33. Red1 Red8 34. a3 Qb3 35. Rdc1 Rac8 36. Ne3 Bh6 37. Re1 Rd3 38. Ng4 Bf8 39. Nf6+ Kg7 40. Qh4 Qb6+ 0-1

[Event "Gyor op-B 5th"]
[Site "Gyor"]
[Date "2014.07.13"]
[Round "9"]
[White "Ambrus, Bence"]
[Black "Erky, Tamas"]
[Result "1-0"]
[WhiteElo "1577"]
[BlackElo "1612"]
[PlyCount "48"]
[EventDate "2014.07.09"]
[EventType "swiss"]
[EventRounds "9"]
[EventCountry "HUN"]
[SourceTitle "EXT 2016"]
[Source "ChessBase"]
[SourceDate "2015.10.08"]
[SourceVersion "1"]
[SourceVersionDate "2015.10.08"]
[SourceQuality "1"]

1. e4 e6 2. d4 d5 3. exd5 exd5 4. Bd3 Nf6 5. Nf3 Bd6 6. Qe2+ Qe7 7. Qxe7+ Bxe7 8. 0-0 0-0 9. Bf4 c6 10. c3 Be6 11. Re1 Nbd7 12. Ng5 h6 13. Nxe6 fxe6 14. Rxe6 Bd8 15. Bg6 Bb6 16. Nd2 c5 17. Nf3 cxd4 18. Nxd4 Bxd4 19. cxd4 Ng4 20. Bg3 Nb6 21. Re7 Rac8 22. Rxb7 Rc4 23. h3 Nf6 24. Be5 Ne4 1-0

[Event "Gyor op-B 5th"]
[Site "Gyor"]
[Date "2014.07.13"]
[Round "8"]
[White "Nielsen, Daniel"]
[Black "Ambrus, Bence"]
[Result "1/2-1/2"]
[WhiteElo "1696"]
[BlackElo "1577"]
[PlyCount "108"]
[EventDate "2014.07.09"]
[EventType "swiss"]
[EventRounds "9"]
[EventCountry "HUN"]
[SourceTitle "EXT 2016"]
[Source "ChessBase"]
[SourceDate "2015.10.08"]
[SourceVersion "1"]
[SourceVersionDate "2015.10.08"]
[SourceQuality "1"]

1. d4 d5 2. e3 e6 3. c4 c6 4. Nc3 Bd6 5. Nf3 f5 6. Bd2 Nf6 7. Be2 0-0 8. Qc2 Ne4 9. h4 Nd7 10. Ng1 Ndf6 11. f4 Nxd2 12. Qxd2 Bb4 13. Rh3 Ne4 14. Qc2 Qa5 15. Kf1 Bxc3 16. bxc3 Qxc3 17. Qxc3 Nxc3 18. cxd5 cxd5 19. Nf3 Bd7 20. Ne5 Bb5 21. Bxb5 Nxb5 22. Rb1 a6 23. a4 Nd6 24. Ke2 Rac8 25. Rb6 Ne4 26. Rxb7 Rc2+ 27. Kf1 Rfc8 28. Nd3 Ra2 29. Kg1 Ra1+ 30. Kh2 Rc3 31. Nc5 Nd2 32. Rb8+ Kf7 33. Rb7+ Ke8 34. Rb8+ Ke7 35. Rb7+ Ke8 36. Rb8+ Kf7 37. Rb7+ Kf8 38. Rb8+ Ke7 39. Rb7+ Kd6 40. Rg3 Nf1+ 41. Kh3 Nxe3 42. Rxe3 Rh1+ 43. Kg3 Rxe3+ 44. Kf2 Ra3 45. Rb6+ Ke7 46. Rxe6+ Kf7 47. Rxa6 Rc1 48. Ra7+ Kg6 49. Ne6 Kf6 50. Nxg7 Rc2+ 51. Kg1 Raa2 52. Ne8+ Ke6 53. Ng7+ Kd6 54. Nxf5+ Kc6 1/2-1/2

[Event "Budapest Art Pub Cup 3rd"]
[Site "Budapest"]
[Date "2014.01.05"]
[Round "7"]
[White "Ambrus, Bence"]
[Black "Lakat, Gyula"]
[Result "1/2-1/2"]
[WhiteElo "1595"]
[BlackElo "1823"]
[PlyCount "69"]
[EventDate "2014.01.02"]
[EventType "swiss"]
[EventRounds "7"]
[EventCountry "HUN"]
[SourceTitle "CBM 158 Extra"]
[Source "ChessBase"]
[SourceDate "2014.02.28"]
[SourceVersion "1"]
[SourceVersionDate "2014.02.28"]
[SourceQuality "1"]

1. e4 d5 2. exd5 Nf6 3. d4 Bg4 4. Nf3 Nxd5 5. Bc4 e6 6. h3 Bh5 7. Bxd5 Qxd5 8. Nbd2 b5 9. c3 c5 10. dxc5 Bxc5 11. 0-0 Nc6 12. Qc2 Rd8 13. Re1 0-0 14. Qe4 Qxe4 15. Rxe4 Bxf3 16. Nxf3 Rd1+ 17. Re1 Rfd8 18. Bf4 Rxa1 19. Rxa1 f6 20. Re1 e5 21. Bd2 a5 22. Kf1 Kf7 23. Re2 h5 24. Ke1 g5 25. Be3 Bxe3 26. Rxe3 Ke6 27. Nd2 a4 28. Ne4 Rd5 29. Rf3 Na5 30. Nxf6 Rd8 31. Nxh5 Nc4 32. b3 axb3 33. axb3 Nd2 34. Ng7+ Ke7 35. Nf5+ 1/2-1/2

[Event "Budapest Art Pub Cup 3rd"]
[Site "Budapest"]
[Date "2014.01.03"]
[Round "3"]
[White "Ambrus, Bence"]
[Black "Cvetanovic, Damjan"]
[Result "0-1"]
[WhiteElo "1595"]
[BlackElo "1979"]
[PlyCount "54"]
[EventDate "2014.01.02"]
[EventType "swiss"]
[EventRounds "7"]
[EventCountry "HUN"]
[SourceTitle "CBM 158 Extra"]
[Source "ChessBase"]
[SourceDate "2014.02.28"]
[SourceVersion "1"]
[SourceVersionDate "2014.02.28"]
[SourceQuality "1"]

1. e4 e6 2. d4 d5 3. exd5 exd5 4. Bd3 Nc6 5. Nf3 Bg4 6. c3 Bd6 7. 0-0 Nge7 8. Bg5 f6 9. Be3 Qd7 10. Nbd2 0-0-0 11. b4 f5 12. Bg5 h6 13. Bxe7 Nxe7 14. a4 Bf4 15. Qc2 g5 16. Rfb1 h5 17. b5 h4 18. a5 Bxf3 19. Nxf3 g4 20. b6 cxb6 21. axb6 a6 22. Bxa6 bxa6 23. Rxa6 Nc6 24. Qa4 gxf3 25. Ra8+ Bb8 26. c4 Qb7 27. Rb2 Rhe8 0-1

[Event "Dunaujvaros op"]
[Site "Dunaujvaros"]
[Date "2013.10.11"]
[Round "1"]
[White "Ambrus, Bence"]
[Black "Molnar, Laszlo5555"]
[Result "0-1"]
[WhiteElo "1539"]
[BlackElo "2059"]
[PlyCount "34"]
[EventDate "2013.10.11"]
[EventType "swiss"]
[EventRounds "6"]
[EventCountry "HUN"]
[SourceTitle "EXT 2019"]
[Source "ChessBase"]
[SourceDate "2018.10.10"]
[SourceVersion "1"]
[SourceVersionDate "2018.10.10"]
[SourceQuality "1"]

1. d4 Nf6 2. f4 d5 3. Nf3 Bg4 4. Nbd2 e6 5. e3 c5 6. c3 Bd6 7. Bb5+ Nbd7 8. Nb3 0-0 9. Bxd7 Nxd7 10. 0-0 Qc7 11. dxc5 Nxc5 12. Nxc5 Bxc5 13. Qd3 Qxf4 14. Kh1 Qc4 15. Qxc4 dxc4 16. Ne5 Be2 17. Rf2 Rad8 0-1

[Event "Fejer County-ch"]
[Site "Szekesfehervar"]
[Date "2012.03.16"]
[Round "3"]
[White "Di Giovanni, Vilmos"]
[Black "Ambrus, Bence"]
[Result "1-0"]
[WhiteElo "1823"]
[BlackElo "1548"]
[PlyCount "39"]
[EventDate "2012.03.15"]
[EventType "swiss"]
[EventRounds "7"]
[EventCountry "HUN"]
[SourceTitle "EXT 2019"]
[Source "ChessBase"]
[SourceDate "2018.10.10"]
[SourceVersion "1"]
[SourceVersionDate "2018.10.10"]
[SourceQuality "1"]

1. d4 d5 2. Nf3 Nf6 3. Bf4 Bf5 4. e3 e6 5. Ne5 Nbd7 6. g4 Bg6 7. h4 Nxe5 8. dxe5 Nxg4 9. Qxg4 Bxc2 10. Nc3 Be4 11. Bg2 h5 12. Qg3 Bxg2 13. Qxg2 c6 14. 0-0-0 b5 15. Kb1 b4 16. Ne4 Qb6 17. Nd6+ Bxd6 18. Qxg7 Bxe5 19. Bxe5 Rf8 20. Bd6 1-0